[Event "A-Klasse 2018 (A68)"]
[Site "Berlin-Weißensee"]
[Date "2018.05.13"]
[Round "7.4"]
[White "Jaeger, Andre"]
[Black "Perestjuk, Marko"]
[Result "0-1"]
[WhiteElo "1887"]
[BlackElo "2177"]
[PlyCount "80"]
[EventDate "2018.05.10"]
[SourceDate "2018.05.10"]
[WhiteTeam "SC Rochade"]
[BlackTeam "SC Zitadelle Spandau 1977"]

1. d4 d5 2. c4 e6 3. Nc3 c6 4. cxd5 exd5 5. Qc2 g6 6. Bf4 Bf5 7. Qd2 Nf6 8. e3
Nbd7 9. h3 Qe7 (9... Bb4 10. Bd3 Ne4 11. Bxe4 Bxe4) 10. Nge2 Bg7 11. Ng3 Be6
12. Bd3 O-O 13. O-O Rfd8 14. b4 b5 15. a4 a6 16. Bc7 Rdc8 17. Ba5 Ne8 18. Nge2
Nd6 19. Ra2 Nb7 20. axb5 cxb5 21. Nf4 Nf6 22. Rb1 Rc6 23. Be2 Rac8 24. Rb3 Nd6
25. f3 Bh6 26. Nxe6 $6 $19 (26. Rba3 $142 $17) 26... Qxe6 (26... Nc4 27. Bxc4
dxc4 28. Rba3 Rxe6 29. Nd1 Re8) 27. Nd1 Nh5 28. Kf2 Qf6 29. Bd3 Ng7 30. g4 Ne6
31. Qe2 (31. f4 Nc4 (31... Ng5)) 31... Rc1 (31... Re8 32. Qf1 Bxe3+ 33. Nxe3
Nxd4 34. Qd1 Qe5 35. Kg2 Nxb3 36. Qxb3 Qxe3 37. Qxd5 Rc3) 32. Rc2 R1xc2 (32...
Bxe3+ 33. Nxe3 (33. Qxe3 R8xc2+ 34. Bxc2 Rxc2+ 35. Kg1) (33. Kxe3 Qxd4+ 34. Kd2
R8xc2+ 35. Ke1 Qg1+ 36. Qf1 Qg3+ 37. Qf2 Qxf2#) 33... Qh4+ 34. Kg2 Nf4+ 35. Kh2
Qxh3#) 33. Bxc2 Qh4+ 34. Kg2 Bf4 (34... Bxe3 $142 35. Qxe3 Rxc2+ 36. Kg1 Qg3+
37. Kf1 Qxh3+ 38. Ke1 Qh1+ 39. Qg1 Qxg1#) 35. Nf2 Bxe3 36. Qxe3 Rxc2 37. Rc3
Nc4 (37... Nf4+ 38. Kf1 Rxc3 39. Qxc3 Qg3) 38. Qe1 Nf4+ 39. Kf1 Nd2+ 40. Kg1
Qg3+ 0-1